Proyecto de programa agrario

Na minha lista:
Detalhes bibliográficos
Autor Corporativo: Partido Comunista de El Salvador
Formato: Texto
Publicado em: San Salvador: El partido
Tags: Adicionar Tag
Sem tags, seja o primeiro a adicionar uma tag!

MARC

LEADER 00000 a a2200000 04500
001 16604
003
040
090 |a EXTRAVIADO  
110 |a Partido Comunista de El Salvador  
245 |a Proyecto de programa agrario  
260 |a San Salvador:   |b El partido  
300 |a 50 p.  
999 |c 14993  |d 14993